000 00335nam a22001097a 4500
999 _c13437
_d13437
082 _a297.002
100 _aحضرت مولانا محمّد یوسف لدھیانوی شہید
245 _aسیرت عمر بن عبدالعزیز رحہ
260 _aکراچی
_b مکتبہ لدھیانوی
_c1996
300 _a192 pages
942 _cBK